| 000 | 00958nam a22002537a 4500 | ||
|---|---|---|---|
| 003 | DO-SdBNP | ||
| 005 | 20210607132409.0 | ||
| 007 | ta | ||
| 008 | 201208b2008 dr | 00| 0 spa d | ||
| 020 | _a9789945415209 | ||
| 040 |
_aBPMSU _bspa _cBPMSU |
||
| 082 |
_a344.01 _bH557j 2008 _222 |
||
| 100 | _aHernández Contreras, Carlos | ||
| 245 |
_aJurisprudencia laboral dominicana durante el siglo XX y glosario de temas para búsquedas en el Código de Trabajo / _c prólogo Alexánder Godínez Vargas, |
||
| 260 |
_aSantiago de los Caballeros, República Dominicana : _bPontificia Universidad Madre y Maestra, _c2008 |
||
| 300 |
_a331 p. ; _c27 cm |
||
| 590 | _6Inventariado, 2021/VM | ||
| 650 | 4 |
_aJurisprudencia laboral _zRepública Dominicana _ySiglo XX |
|
| 650 | 4 |
_aDerecho laboral _zRepública Dominicana |
|
| 700 |
_aGodínez Vargas , Alexander . _epról. |
||
| 710 | _aOrganización Internacional del Trabajo | ||
| 910 | _aVMateo | ||
| 942 |
_2ddc _cBK |
||
| 999 |
_c13537 _d13537 |
||